| 000 | 01249cad a22002655a 4500 | ||
|---|---|---|---|
| 001 | L159440 | ||
| 008 | 130313s2016 xxk 000 0 eng u | ||
| 020 | _a9781783211722 | ||
| 035 | _a(Sirsi) u159440 | ||
| 041 | 0 | _aeng | |
| 110 | 2 |
_aRoyal Institution of Chartered Surveyors _94900 |
|
| 245 | 0 | 0 |
_aReal estate management _h[electronic resource] |
| 250 | _a3rd ed. | ||
| 260 |
_aLondon _bRICS _c2016 |
||
| 300 | _a28p. | ||
| 490 | 0 | _aRICS Practice Statement | |
| 520 | _aOutlines the principles that shape the culture of fairness and transparency that underpin all activities undertaken by real estate managers within whichever country they practice, and applies to all RICS members involved with the sale, letting, leasing and management of real estate, whatever the form of tenure by which it is held or occupied. Effective from 1 November 2016. Supersedes 2nd edition. | ||
| 590 | _aKA | ||
| 651 | 4 | _aInternational | |
| 690 |
_aProperty management _96262 |
||
| 690 |
_aCommercial property _96227 |
||
| 690 |
_aResidential property _96266 |
||
| 856 | 4 | 1 |
_uhttps://www.rics.org/profession-standards/rics-standards-and-guidance/sector-standards/real-estate-standards/real-estate-management _zAvailable free on RICS.org |
| 942 |
_n0 _2ddc |
||
| 999 |
_c115901 _d115901 |
||